[Event "Schleswig-Holstein 2-Berlin"]
[Site "Templin"]
[Date "2018.09.10"]
[Round "1.3"]
[White "Sprotte, Norbert"]
[Black "Gehrmann, Rudolf-Rainer"]
[Result "1-0"]
[BlackElo "2076"]
[BlackTeam "Schleswig-Holstein 2"]
[EventDate "2018.??.??"]
[PlyCount "91"]
[WhiteElo "2165"]
[WhiteTeam "Berlin"]

1. d4 Nf6 2. Nf3 g6 3. Nc3 d5 4. Bf4 c6 5. e3 Bg7 6. Be2 O-O 7. Ne5 Nbd7 8. h4
h6 9. g4 Ne8 10. Nxd7 Qxd7 11. Qd2 Nd6 12. O-O-O Ne4 13. Nxe4 dxe4 14. c4 b5
15. Qa5 bxc4 16. g5 h5 17. Bxc4 Qb7 18. Rd2 Qb6 19. Bc7 Qxa5 20. Bxa5 Rb8 21.
Rc2 Bb7 22. Rd1 e6 23. Bc7 Rbc8 24. Bd6 Rfd8 25. Bc5 Ra8 26. Rc3 e5 27. Ra3 a6
28. Rb3 Bc8 29. Rb6 Bg4 30. Rd2 exd4 31. exd4 Re8 32. Rxc6 a5 33. b3 e3 34.
fxe3 Rxe3 35. Rf2 Bf5 36. Rc7 a4 37. Rxf7 Kh8 38. Ra7 Rxa7 39. Bxa7 axb3 40.
axb3 Rh3 41. Rf4 Rh2 42. Bb8 Ra2 43. Be5 Kh7 44. Bxg7 Kxg7 45. d5 Kf8 46. Bd3 
1-0

[Event "Schleswig-Holstein 2-Berlin"]
[Site "Templin"]
[Date "2018.09.10"]
[Round "1.4"]
[White "Kracht, Helmut"]
[Black "Glatthor, Thomas"]
[Result "1-0"]
[BlackElo "2037"]
[BlackTeam "Berlin"]
[EventDate "2018.??.??"]
[PlyCount "77"]
[WhiteElo "2010"]
[WhiteTeam "Schleswig-Holstein 2"]

1. e4 d6 2. d4 g6 3. Nc3 Bg7 4. Be3 Nf6 5. f3 c6 6. Bd3 Nbd7 7. Nge2 b5 8. Qd2
a6 9. Ng3 Bb7 10. Nce2 e5 11. c3 Qc7 12. Bh6 Bxh6 13. Qxh6 c5 14. d5 c4 15. Bc2
a5 16. h3 Qb6 17. f4 exf4 18. Qxf4 O-O-O 19. Nd4 Rde8 20. O-O-O Re7 21. Nc6
Bxc6 22. dxc6 Qxc6 23. Rxd6 Qc5 24. Rxf6 Nxf6 25. Qxf6 Rhe8 26. Qf3 Qg5+ 27.
Kb1 f5 28. Rd1 Rd8 29. Rxd8+ Kxd8 30. a3 Rd7 31. exf5 Qd2 32. fxg6 hxg6 33.
Qa8+ Ke7 34. Qe4+ Kd8 35. Qxg6 Qxg2 36. Qb6+ Ke8 37. Bg6+ Kf8 38. Qf6+ Kg8 39.
Qe6+  1-0